|
|
|
|
| LEADER |
01545nam a22004094a 4500 |
| 001 |
39946 |
| 003 |
BD-DhAAL |
| 008 |
221103t2008 nyua b 001 0 eng d |
| 999 |
|
|
|c 44422
|d 44422
|
| 010 |
|
|
|a 2007940370
|
| 015 |
|
|
|a GBA786916
|2 bnb
|
| 016 |
7 |
|
|a 014200514
|2 Uk
|
| 020 |
|
|
|a 9781849966900 (paperback)
|
| 020 |
|
|
|a 9781846289699 (acidfree paper)
|
| 020 |
|
|
|a 1846289696 (acidfree paper)
|
| 020 |
|
|
|z 9781846289705 (e-ISBN)
|
| 020 |
|
|
|z 184628970X (e-ISBN)
|
| 035 |
|
|
|a (OCoLC)ocn176832832
|
| 040 |
|
|
|a UKM
|c UKM
|d BTCTA
|d BAKER
|d MUQ
|d TXH
|d OHX
|d YDXCP
|d IQU
|d DLC
|d BD-DhAAL
|
| 042 |
|
|
|a pcc
|
| 050 |
0 |
0 |
|a QA166
|b .B668 2008
|
| 082 |
0 |
0 |
|a 511.5
|2 22
|
| 100 |
1 |
|
|a Bondy, J. A.
|q (John Adrian)
|9 52178
|
| 245 |
1 |
0 |
|a Graph theory /
|c J.A. Bondy and U.S.R. Murty.
|
| 260 |
|
|
|a New York :
|b Springer,
|c c2008.
|
| 300 |
|
|
|a xii, 657 pages :
|b illustrations ;
|c 25 cm.
|
| 490 |
|
|
|a Graduate texts in mathematics,
|x 0072-5285 ;
|v 244
|
| 504 |
|
|
|a Includes bibliographical references (pages 599-628) and index.
|
| 526 |
|
|
|a MNS
|
| 541 |
|
|
|a Book Finder International
|e 39946
|
| 650 |
|
0 |
|a Graph theory.
|9 52179
|
| 650 |
|
0 |
|a Mathematics.
|9 52180
|
| 700 |
1 |
|
|a Murty, U. S. R.
|9 52181
|
| 830 |
|
|
|a Graduate texts in mathematics,
|v 244
|9 52182
|
| 852 |
|
|
|a Ayesha Abed Library
|c General Stacks
|
| 942 |
|
|
|2 ddc
|c BK
|
| 952 |
|
|
|0 0
|1 0
|2 ddc
|4 0
|6 511_500000000000000_BON
|7 0
|9 72164
|a BRACUL
|b BRACUL
|c GEN
|d 2022-10-27
|e Book Finder International
|g 3893.75
|l 3
|m 69
|o 511.5 BON
|p 3010039946
|q 2026-05-20
|r 2025-09-02
|s 2025-09-02
|t 1
|v 3893.75
|w 2022-10-27
|y BK
|